| 000 | 02136cim a2200577Mi 4500 | ||
|---|---|---|---|
| 001 | 1080606657 | ||
| 003 | OCoLC | ||
| 005 | 20230623103104.0 | ||
| 006 | m jo h | ||
| 008 | 181029t 2001nyuannnj z n eng d | ||
| 020 | _a0439050006 | ||
| 020 | _a78073004997 | ||
| 024 | _a78073004997 | ||
| 035 | _a(OCoLC)1080606657 | ||
| 037 |
_a0023086616 _bBaker & Taylor _chttps://axis360.baker-taylor.com |
||
| 040 |
_aTOH _beng _erda _epn _cTOH _dOCLCO _dMLSOD _dOCLCO _dOCLCQ _dOCLCA _dOCLCO _dGCmBT |
||
| 041 | _aeng | ||
| 050 | 4 |
_aPZ7.P63123 _bCaw 2018 |
|
| 082 | 0 | 4 |
_a[Fic] _223 |
| 099 | 9 |
_fAXIS360 EAUDIOBOOK J _aFICTION |
|
| 100 | 1 |
_aPilkey, Dav, _d1966- _eauthor. |
|
| 245 | 1 | 0 |
_aCaptain Underpants and the wrath of the wicked Wedgie Woman _h/ _cthe fifth epic novel by Dav Pilkey ; with color by Jose Garibaldi. |
| 260 |
_aNew York, NY : _bScholastic, Inc., _cc2001. |
||
| 264 | 1 |
_aNew York, NY : _bScholastic, Inc., _c[2018] |
|
| 264 | 4 | _cc2001. | |
| 300 |
_a 165 p. : _bill. ; _c20 cm. |
||
| 336 |
_aspoken word _bspw _2rdacontent. |
||
| 337 |
_acomputer _bc _2rdamedia. |
||
| 338 |
_aonline resource _bcr _2rdacarrier. |
||
| 347 |
_aaudio file _2rda. |
||
| 385 |
_aJuvenile _2tlctarget. |
||
| 440 |
_aCaptain Underpants ; _n#5 |
||
| 500 | _a"Now in full color." | ||
| 500 | _aElectronic audio file. | ||
| 511 | 0 | _aRead by Len Forgione. | |
| 520 | _aWhen Harold and George turn fourth-grade teacher Ms. Ribble into the evil Wedgie Woman, she gives the wedgie of doom to unsuspecting people who stand in her way--including principal-turned-superhero Captain Underpants. | ||
| 650 | 0 |
_aImagination _vJuvenile fiction. |
|
| 650 | 0 |
_aSchools _vJuvenile fiction. |
|
| 650 | 0 |
_aSchool principals _vJuvenile fiction. |
|
| 650 | 0 |
_aHeroes _vJuvenile fiction. |
|
| 650 | 1 |
_aImagination _vFiction. |
|
| 650 | 1 |
_aSchools _vFiction. |
|
| 650 | 1 |
_aSchool principals _vFiction. |
|
| 650 | 1 |
_aHeroes _vFiction. |
|
| 650 | 1 | _aHumorous stories. | |
| 655 | 7 |
_aHumorous fiction. _2lcgft. |
|
| 655 | 7 |
_aDownloadable audiobooks. _2local. |
|
| 655 | 7 |
_aAudiobooks. _2lcgft. |
|
| 700 | 1 | _aGaribaldi, Jose. | |
| 942 | _cBK | ||
| 999 |
_c28194 _d28194 |
||